000 00838nas a2200265 4500
001 BR2014004712
003 BR-BrBNA
005 20231205124323.0
007 ta
008 230509b bl.|||p| |||| 00| 00por d
040 _aBR-BrBNA
_bpor
_cBiblioteca Nacional de Agricultura
041 _a(Pt)
072 _aE10
100 1 _aJesus, C.F.P. de
100 1 _aDias, N.W.
100 1 _aCruz, M.A.S.
245 1 _aVulnerabilidade socio ambiental jna bacia do rio Japaratuba em Sergipe a partir da álgebra de mapas
650 _aBOVINO
650 _aCANA DE AÇÚCAR
650 _aCONDIÇÃO AMBIENTAL
650 _aDISTRIBUIÇÃO GEOGRÁFICA
773 0 _tEngenharia na Agricultura (Brazil)
_xISSN 1414-3984
_g(Jan-Feb 2014), v. 22(1) p. 50-57
_wBR2014004712
909 _a202311
_bLúcia
_c55
_dLúcia Elande
942 _2AGRIS
_n0
_cANA
999 _c238468
_d238468